000 00516nam a2200181Ia 4500
005 20250508160433.0
008 008 250505s9999 xx 000 0 eng d
037 _aTextual
040 _aFEDL
_beng
_cFEDL
041 _aeng
_2eng
084 _a791.452, PED
_qFEDL
100 _aPedrick Gale
_9768498
245 0 _aProfitable scriptwriting for TV and radio
260 _aLondon, UK
_bC Arthur Pearson Limited
_c1961
300 _a204p
942 _cTEXL
_h791.452, PED
999 _c1364595
_d1364595